| 000 | 00529nam a2200217Ia 4500 | ||
|---|---|---|---|
| 008 | 170918s9999 xx 000 0 und d | ||
| 020 | _a9780545116152 | ||
| 050 | _bB478 2011 | ||
| 100 | _aBenton, Jim | ||
| 245 | _aOkay, so maybe I do have superpowers / | ||
| 245 | _cby Jim Benton and Jamie Kelly. | ||
| 260 | _aNew York : | ||
| 260 | _bScholastic, | ||
| 260 | _c2011 | ||
| 300 | _a142 pages : | ||
| 300 | _billustrations ; | ||
| 300 | _c19cm. | ||
| 300 | _eDear dumb diary ; | ||
| 440 | _a11 | ||
| 500 | _a1000 | ||
| 999 |
_c344217 _d344217 |
||